| 000 | 01541nam a2200373Ia 4500 | ||
|---|---|---|---|
| 001 | ebr10180653 | ||
| 003 | CaPaEBR | ||
| 006 | m u | ||
| 007 | cr cn||||||||| | ||
| 008 | 061222s2007 nyua sb 001 0 eng d | ||
| 010 | _z 2006103219 | ||
| 020 | _z9780195321319 (cloth : alk. paper) | ||
| 020 | _z0195321316 (cloth : alk. paper) | ||
| 040 |
_aCaPaEBR _cCaPaEBR |
||
| 035 | _a(OCoLC)648271047 | ||
| 050 | 1 | 4 |
_aRB150.C6 _bP55 2007eb |
| 082 | 0 | 4 |
_a616.849 _222 |
| 245 | 0 | 0 |
_aPlum and Posner's diagnosis of stupor and coma _h[electronic resource] / _cFred Plum ... [et al.]. |
| 250 | _a4th ed. | ||
| 260 |
_aNew York ; _aOxford : _bOxford University Press, _c2007. |
||
| 300 |
_axiv, 401 p. : _bill. |
||
| 490 | 1 |
_aContemporary neurology series ; _v71 |
|
| 500 | _aRev. ed. of: The diagnosis of stupor and coma / Fred Plum, Jerome B. Posner. 3rd ed. c1980. | ||
| 504 | _aIncludes bibliographical references and index. | ||
| 533 |
_aElectronic reproduction. _bPalo Alto, Calif. : _cebrary, _d2011. _nAvailable via World Wide Web. _nAccess may be limited to ebrary affiliated libraries. |
||
| 650 | 0 |
_aComa _xDiagnosis. |
|
| 650 | 0 |
_aStupor _xDiagnosis. |
|
| 655 | 7 |
_aElectronic books. _2local |
|
| 700 | 1 |
_aPlum, Fred, _d1924-2010. |
|
| 700 | 1 |
_aPlum, Fred, _d1924-2010. _tDiagnosis of stupor and coma. |
|
| 710 | 2 | _aebrary, Inc. | |
| 830 | 0 |
_aContemporary neurology series ; _v71. |
|
| 856 | 4 | 0 |
_uhttp://site.ebrary.com/lib/rucke/Doc?id=10180653 _zAn electronic book accessible through the World Wide Web; click to view |
| 999 |
_c238453 _d238453 |
||